Mixed Use Highrise Development Mumbai. (Record no. 361848)

MARC details
000 -LEADER
fixed length control field 00251nam a2200097Ia 4500
008 - FIXED-LENGTH DATA ELEMENTS--GENERAL INFORMATION
fixed length control field 241105s9999 xx 000 0 und d
041 ## - LANGUAGE CODE
Language code of text/sound track or separate title eng
100 ## - MAIN ENTRY--PERSONAL NAME
Personal name Palve Aishwarya.
245 ## - TITLE STATEMENT
Title Mixed Use Highrise Development Mumbai.
260 ## - PUBLICATION, DISTRIBUTION, ETC. (IMPRINT)
Name of publisher, distributor, etc. BNCA, Pune
Date of publication, distribution, etc. 2019

No items available.